Up on the roof (Record no. 70970)
[ view plain ]
| 000 -LEADER | |
|---|---|
| fixed length control field | 01057cam a2200205 4500 |
| 001 - CONTROL NUMBER | |
| control field | ABS65891 |
| 008 - FIXED-LENGTH DATA ELEMENTS--GENERAL INFORMATION | |
| fixed length control field | 020816n2002 000 0 eng u |
| 035 ## - SYSTEM CONTROL NUMBER | |
| System control number | (Sirsi) u119356 |
| 100 ## - MAIN ENTRY--PERSONAL NAME | |
| Personal name | Bell, R |
| 245 ## - TITLE STATEMENT | |
| Title | Up on the roof |
| 260 ## - PUBLICATION, DISTRIBUTION, ETC. | |
| Date of publication, distribution, etc. | 2002 |
| 490 ## - SERIES STATEMENT | |
| Series statement | Chartered Secretary |
| Volume/sequential designation | July 2002, 12-15(4) |
| 520 ## - SUMMARY, ETC. | |
| Summary, etc. | Examines the problems landlords may encounter when allowing mobile telephone equipment - antennae, aerials or a mast - to be sited on their buildings. Problems include checking that the telecoms company is licensed on Oftel's Register of Licences (http://www.oftel.gov.uk); removing a from the property once an agreement expires; drawing up the agreement; practical issues such as access, electricity supply and rent reviews; indemnity, liability and risk and, finally, the views of other people within and around the building towards mobile phone masts. |
| 590 ## - LOCAL NOTE (RLIN) | |
| Local note | ABS |
| 650 ## - SUBJECT ADDED ENTRY--TOPICAL TERM | |
| Topical term or geographic name entry element | TELECOMMUNICATIONS |
| 650 ## - SUBJECT ADDED ENTRY--TOPICAL TERM | |
| Topical term or geographic name entry element | MOBILE PHONE MASTS |
| 650 ## - SUBJECT ADDED ENTRY--TOPICAL TERM | |
| Topical term or geographic name entry element | MOBILE COMMUNICATIONS |
| 690 ## - LOCAL SUBJECT ADDED ENTRY--TOPICAL TERM (OCLC, RLIN) | |
| Topical term or geographic name as entry element | TRANSPORT AND COMMUNICATIONS |
| 942 ## - ADDED ENTRY ELEMENTS (KOHA) | |
| Suppress in OPAC | 0 |
| Withdrawn status | Lost status | Source of classification or shelving scheme | Damaged status | Not for loan | Home library | Current library | Shelving location | Date acquired | Total Checkouts | Full call number | Barcode | Date last seen | Copy number | Price effective from | Koha item type |
|---|---|---|---|---|---|---|---|---|---|---|---|---|---|---|---|
| Dewey Decimal Classification | London | London | Journal article | 16/08/2002 | ABS65891 | 119356-1001 | 06/08/2019 | 1 | 06/08/2019 | Journal article |